[Event "AUT-chT2W 9495"]
[Site "Austria"]
[Date "1995.??.??"]
[Round "?.4"]
[White "Schmid, Sandro"]
[Black "Stenek, Bruno"]
[Result "1-0"]
[WhiteElo "1860"]
[BlackElo "1750"]

1.e4 c5 2.Nc3 Nc6 3.Nge2 Nf6 4.d4 cxd4 5.Nxd4 e5 6.Ndb5 a6 7.Nd6+ Bxd6 8.Qxd6 Qe7
9.Qxe7+ Nxe7 10.Bg5 Neg8 11.Bc4 h6 12.Be3 Ne7 13.Bb6 O-O 14.O-O-O g6 15.Rhe1 Kg7
16.a4 Nfg8 17.a5 h5 18.Bc7 f6 19.Na4 Nc6 20.Nb6 Ra7 21.Nxc8 Rxc8 22.Rxd7+ Nge7
23.Bb6 Raa8 24.Rxb7 Kf8 25.Be6 Rcb8 26.Rxb8+ Rxb8 27.c3 Ke8 28.b4 Nd8 29.Bxd8 Rxd8
30.Kc2 Rd6 31.Bb3 Rd8 32.Ba4+ Kf7 33.Rd1 Ra8 34.c4 f5 35.f3 g5 36.Rd6 h4
37.Bd7 fxe4 38.fxe4 Ng6 39.Bc6 Ra7 40.Rd7+ Rxd7 41.Bxd7 Nf4 42.b5 axb5 43.a6  1-0

[Event "AUT-chT"]
[Site "?"]
[Date "1995.??.??"]
[Round "?"]
[White "Atlas, Valeri"]
[Black "Rabiega, Robert"]
[Result "1-0"]
[WhiteElo "2440"]
[BlackElo "2490"]

1.e4 c5 2.Nf3 Nc6 3.Nc3 e5 4.Bc4 Be7 5.d3 Nf6 6.Nd2 d6 7.Nf1 O-O 8.Ne3 Ne8
9.Ncd5 Nc7 10.Nxc7 Qxc7 11.Nd5 Qd8 12.O-O Bg5 13.Qh5 Bxc1 14.Raxc1 Ne7 15.f4 Nxd5
16.Bxd5 exf4 17.Rxf4 Be6 18.Rcf1 Qe7 19.c4 Rab8 20.R1f3 Bxd5 21.cxd5 Qe5
22.Qxe5 dxe5 23.Rf5 f6 24.Kf2 b5 25.Ke3 Rb6 26.Rf2 Ra6 27.b3 c4 28.d4 cxb3
29.axb3 exd4+ 30.Kxd4 Rc8 31.e5 fxe5+ 32.Rxe5 Rg6 33.h3 a5 34.Re6 Rxe6 35.dxe6 a4
36.b4 a3 37.Kd5 Ra8 38.e7 g6 39.Kc6 Kg7 40.Kxb5 Re8 41.Ra2 Rxe7 42.Rxa3 h5
43.Ka6 Re2 44.g3  1-0

[Event "AUT-chT9495"]
[Site "?"]
[Date "1995.??.??"]
[Round "?"]
[White "Neulinger, Manfred"]
[Black "Miniboeck, Guenter"]
[Result "1/2-1/2"]
[WhiteElo "2265"]
[BlackElo "2360"]

1.e4 c5 2.Nf3 Nc6 3.Nc3 e5 4.Bc4 Be7 5.O-O Nf6 6.d3 d6 7.h3 h6 8.a3 O-O 9.Rb1 a5
10.Be3 Be6 11.Nd5 Bxd5 12.exd5 Nb8 13.Nh4 Nxd5 14.Bxd5 Bxh4 15.Bxb7 Ra7 16.Bd5 Bg5  1/2-1/2

[Event "AUT-chT9495"]
[Site "?"]
[Date "1995.??.??"]
[Round "?"]
[White "Niedermayr, Horst"]
[Black "Lenz, Alarich"]
[Result "1-0"]
[WhiteElo "2245"]
[BlackElo "2215"]

1.e4 c5 2.Nf3 Nc6 3.Nc3 g6 4.d4 cxd4 5.Nxd4 Bg7 6.Be3 Nf6 7.Bc4 O-O 8.Bb3 Ng4
9.Qxg4 Nxd4 10.Qd1 Nxb3 11.axb3 d6 12.O-O b6 13.Qd5 Be6 14.Qb7 Bxc3 15.bxc3 Qd7
16.Qxd7 Bxd7 17.c4 Bc6 18.f3 Rfb8 19.Ra6 Bb7 20.Ra3 Bc6 21.Rfa1 a5 22.c3 f5
23.exf5 gxf5 24.b4 d5 25.bxa5 bxa5 26.cxd5 Bxd5 27.Rxa5 Rxa5 28.Rxa5 e6 29.Rc5 Rb2
30.c4 Bb7 31.h4 h5 32.Bd4 Rd2 33.Be5 Re2 34.Bf4 Ba6 35.Rc6 Bb7 36.Rb6  1-0

[Event "AUT-chT9495"]
[Site "?"]
[Date "1995.??.??"]
[Round "?"]
[White "Stanec, Nikolaus"]
[Black "Hanel, Reinhard"]
[Result "0-1"]
[WhiteElo "2450"]
[BlackElo "2375"]

1.e4 c5 2.Nf3 Nc6 3.Nc3 Nf6 4.e5 Ng4 5.Qe2 Qc7 6.Nb5 Qb8 7.d4 cxd4 8.Bf4 f6
9.Bg3 Ngxe5 10.O-O-O a6 11.Nbxd4 d6 12.Qe4 Bd7 13.Nxe5 fxe5 14.Nf3 Qc8 15.Bd3 g6
16.Nh4 Be6 17.Bc4 Bxc4 18.Qxc4 Nd4 19.Qd3 Qc6 20.f4 Rc8 21.Kb1 exf4 22.Bxf4 Bg7
23.c3 Nb5 24.a4 Nxc3+ 25.bxc3 Qxa4 26.Rd2 Rxc3 27.Qd5 Rc4 28.Rb2 Bxb2 29.Kxb2 Qc2+  0-1

[Event "AUT-chT9495"]
[Site "?"]
[Date "1995.??.??"]
[Round "?"]
[White "Roth, Peter"]
[Black "Supancic, Darko"]
[Result "1/2-1/2"]
[WhiteElo "2300"]
[BlackElo "2395"]

1.e4 c5 2.Nf3 Nc6 3.Nc3 g6 4.Bb5 Bg7 5.Bxc6 dxc6 6.d3 e5 7.Be3 b6 8.h3 f6
9.Qd2 Be6 10.Ne2 Qd7 11.a3 a5 12.O-O a4 13.Rfb1 Ne7 14.Bh6 O-O 15.Bxg7 Kxg7
16.Qe3 Nc8 17.Nh2 Nd6 18.f4 Nf7 19.Rf1 Rae8 20.Qg3 exf4 21.Rxf4 Ne5 22.Raf1 Qd6
23.Kh1 Bd7 24.R4f2 Qe7 25.Nf3 Nxf3 26.Rxf3 Qe5 27.Qxe5 Rxe5 28.Nc3  1/2-1/2

[Event "AUT-chT2S 9596"]
[Site "AUT"]
[Date "1995.??.??"]
[Round "?"]
[White "Horvath, Sandor"]
[Black "Brod, Manfred"]
[Result "1-0"]
[WhiteElo "2295"]
[BlackElo "2255"]

1.e4 c5 2.Nf3 Nc6 3.Nc3 g6 4.g3 Bg7 5.Bg2 e6 6.O-O Nge7 7.Re1 d6 8.d3 O-O
9.Be3 Nd4 10.Qd2 Nec6 11.Nd1 Nxf3+ 12.Bxf3 e5 13.Bg2 Be6 14.c3 b6 15.c4 Nd4
16.Bxd4 exd4 17.f4 Rb8 18.Nf2 b5 19.b3 h5 20.Rab1 f6 21.Qe2 Bh6 22.f5 Bf7
23.fxg6 Bxg6 24.Nh3 Qe7 25.cxb5 Rxb5 26.Nf4 Bxf4 27.gxf4 Rbb8 28.Bf3 Qh7
29.Kh1 Kh8 30.f5 Bf7 31.Qd2 h4 32.Qf4 Bh5 33.Bxh5 Qxh5 34.Rg1 Rg8 35.Rg6 Rxg6
36.fxg6 Kg7 37.Rf1 Qe5 38.Qg4 Re8 39.Rf5 Qe6 40.Qxh4 Kxg6 41.Rh5 Rg8 42.Rh7  1-0

[Event "Avoine op"]
[Site "Avoine"]
[Date "1995.??.??"]
[Round "3"]
[White "Berend, Fred"]
[Black "Pelle, Guillaume"]
[Result "1-0"]
[WhiteElo "2405"]
[BlackElo "2190"]

1.e4 c5 2.Nc3 Nc6 3.Nf3 e5 4.g3 d6 5.Bg2 Nf6 6.d3 Be7 7.O-O O-O 8.Nd2 Rb8
9.a4 a6 10.f4 b5 11.Nd5 exf4 12.Nxf4 Bg4 13.Nf3 Ne5 14.h3 Bxf3 15.Bxf3 Nxf3+
16.Qxf3 b4 17.b3 Nd7 18.Nd5 Ne5 19.Qg2 Re8 20.Bb2 Bf8 21.Rf4 Rb7 22.Raf1 Re6
23.Qf2 Qe8 24.Rf5 f6 25.g4 Rf7 26.Qg3 Qc8 27.R1f2 Qe8 28.Kg2 Qd8 29.Kh2 Re8
30.Rg2 Rb7 31.Kh1 Rf7 32.Kg1 Rb7 33.Kf1 Rf7 34.Ke2 Rb7 35.g5 fxg5 36.Bxe5 Rxe5
37.Rxe5 dxe5 38.Qxg5 Qxg5 39.Rxg5 Bd6 40.Nf6+ Kh8 41.Ng4 Re7 42.Ne3 g6 43.Rg1 Rf7
44.Nc4 Bc7 45.Rg5 Re7 46.Ne3 Rf7 47.Nd5 Bb8 48.Rg1 Kg7 49.Rc1 Rb7 50.Ne3 Bd6
51.Nc4 Bc7 52.c3 bxc3 53.Rxc3 Rb8 54.Nd2 Bd6 55.Rc1 Rb7 56.Kd1 h5 57.Kc2 Rf7
58.Kc3 Rf2 59.Nc4 Bc7 60.Rb1 a5 61.Rh1 Rf3 62.Nd2 Rf2 63.Rg1 Kh6 64.Rg3 Kg7
65.Nc4 Rf1 66.Ne3 Rc1+ 67.Kd2 Rh1 68.Nf5+ Kf6 69.Nh4 g5 70.Nf3 h4 71.Rxg5 Rxh3
72.Rf5+ Kg6 73.Ke2 Rh1 74.Kf2 h3 75.Rg5+ Kh6 76.Rg3 Bb6 77.Ke2 Bd8 78.Nxe5 h2
79.Rh3+ Kg7 80.Nf3 Rb1 81.Rxh2 Rb2+ 82.Ke3 Bg5+ 83.Nxg5 Rxh2 84.Ne6+ Kf6
85.Nxc5 Ke5 86.d4+ Kf6 87.Kd3 Kg5 88.d5 Kf4 89.Kd4 Rd2+ 90.Nd3+ Kf3 91.d6 Ke2
92.e5 Rxd3+ 93.Kc5 Re3 94.d7 Rxe5+ 95.Kc6 Re6+ 96.Kc7 Re7 97.Kc8 Re3 98.d8=Q Rc3+
99.Kb7 Rxb3+ 100.Ka6 Rd3 101.Qe8+ Kd2 102.Kxa5 Rb3 103.Qb5 Kc3 104.Qxb3+ Kxb3
105.Kb5  1-0

[Event "Bad Ragaz op"]
[Site "Bad Ragaz"]
[Date "1995.??.??"]
[Round "?"]
[White "Mantovani, Renzo"]
[Black "Hirzel, Rene"]
[Result "1-0"]
[WhiteElo "2370"]
[BlackElo "2220"]

1.e4 c5 2.Nf3 Nc6 3.Nc3 e6 4.g3 a6 5.Bg2 Nf6 6.O-O Qc7 7.Re1 d6 8.d4 cxd4
9.Nxd4 Be7 10.Nxc6 bxc6 11.e5 dxe5 12.Rxe5 O-O 13.Re1 Bb7 14.Bf4 Qb6 15.Na4 Qa5
16.c4 Rad8 17.Qc2 Ba8 18.Red1 c5 19.Bxa8 Rxa8 20.Bd6 Bxd6 21.Rxd6 Rfd8 22.Rad1 Rxd6
23.Rxd6 Rd8 24.Qc3 Qc7 25.Rxd8+ Qxd8 26.Nxc5 Qd1+ 27.Kg2 h5 28.h4 Qe2 29.Qd4 e5
30.Qd8+  1-0

[Event "Bad Woerishofen op"]
[Site "Bad Woerishofen"]
[Date "1995.??.??"]
[Round "3"]
[White "Kupreichik, Viktor D"]
[Black "Roeder, Frank"]
[Result "1-0"]
[WhiteElo "2500"]
[BlackElo "2305"]

1.e4 c5 2.Nf3 Nc6 3.Nc3 Nf6 4.Bb5 a6 5.Bxc6 dxc6 6.O-O Bg4 7.h3 Bxf3 8.Qxf3 Qc7
9.d3 e5 10.Qg3 g6 11.Qh4 Nd7 12.f4 Be7 13.Qf2 f6 14.Be3 O-O 15.f5 g5 16.h4 gxh4
17.Qxh4 Rf7 18.Rf3 Kh8 19.Kf2 Rg8 20.Rh1 Bd6 21.g4 Qd8 22.Rfh3 Nf8 23.Rg1 Be7
24.Qh5 Qe8 25.Rgh1 b6 26.Ne2 Bd8 27.Ng1 Re7 28.g5 Qxh5 29.Rxh5 fxg5 30.Bxg5 Rd7
31.Bxd8 Rxd8 32.Nf3 Re8 33.f6 Rg6 34.f7 Rd8 35.Nxe5 Rf6+ 36.Ke3 Kg7 37.Rf5 Rxf5
38.exf5 Kf6 39.Nxc6 Rc8 40.Rh6+ Kg5 41.Rd6 h5 42.Ke4 h4 43.Ne5 Rb8 44.Nf3+ Kh5
45.Kf4 h3 46.Nh2  1-0

[Event "Bad Woerishofen op"]
[Site "Bad Woerishofen"]
[Date "1995.??.??"]
[Round "8"]
[White "Kupreichik, Viktor D"]
[Black "Boensch, Uwe"]
[Result "0-1"]
[WhiteElo "2500"]
[BlackElo "2550"]

1.e4 c5 2.Nf3 Nc6 3.Nc3 e5 4.Bc4 d6 5.d3 Be7 6.Nd2 Nf6 7.Nf1 O-O 8.Ne3 Be6
9.O-O a6 10.a4 Rb8 11.Bd2 Kh8 12.g3 b5 13.axb5 axb5 14.Bxb5 Nd4 15.Bc4 Rxb2
16.Bxe6 fxe6 17.Na4 Rb7 18.c3 Nc6 19.Qc2 d5 20.Rab1 Rxb1 21.Rxb1 c4 22.exd5 cxd3
23.Qxd3 exd5 24.Qa6 Qe8 25.Rb6 Ne4 26.Be1 d4 27.Ng2 Nb8 28.Qb5 d3 29.Qxe5 d2
30.Rb1 Ng5 31.Nh4 Qxa4 32.Qxe7 Re8 33.Bxd2 Nh3+ 34.Kg2 Rxe7 35.Rxb8+ Re8
36.Rxe8+ Qxe8 37.Be3 Qe6 38.Bd4 Ng5 39.Be3 Qe4+ 40.Kf1 Nf7 41.Ng2  0-1

[Event "Badenweiler op"]
[Site "Badenweiler"]
[Date "1995.??.??"]
[Round "5"]
[White "Tischbierek, Raj"]
[Black "Thoma, Christian"]
[Result "1-0"]
[WhiteElo "2495"]
[BlackElo "2225"]

1.e4 c5 2.Nc3 Nc6 3.Nge2 Nf6 4.d4 cxd4 5.Nxd4 d6 6.Be3 e6 7.Be2 Be7 8.O-O O-O
9.f4 a6 10.a4 Rb8 11.Kh1 Qc7 12.Qe1 Nb4 13.Qg3 Kh8 14.Bd3 Nxd3 15.cxd3 Nd7
16.f5 Nf6 17.fxe6 Bxe6 18.Nf5 Ne8 19.Bd4 f6 20.Rae1 Bd8 21.Nd5 Qd7 22.Bc3 Rc8
23.a5 Rc5 24.b4 Rxd5 25.exd5 Bxf5 26.Bd4 Nc7 27.Qf3 Bg4 28.Qe4 Bh5 29.Bb6 Bg6
30.Qc4 Nb5 31.Re3 Bxb6 32.axb6 Rc8 33.Qf4 Bf7 34.Rfe1 Bxd5 35.Re7 Qd8 36.Qg4 Qf8
37.Qxc8 Qxc8 38.Re8+ Qxe8 39.Rxe8+ Bg8 40.Rb8 h5 41.Rxb7 Bd5 42.Rd7 Bc6  1-0

[Event "Badenweiler op"]
[Site "Badenweiler"]
[Date "1995.??.??"]
[Round "7"]
[White "Tischbierek, Raj"]
[Black "Solonar, Stephan"]
[Result "1/2-1/2"]
[WhiteElo "2495"]
[BlackElo "2320"]

1.e4 c5 2.Nc3 Nc6 3.Nge2 Nf6 4.d4 cxd4 5.Nxd4 d6 6.Bg5 e6 7.Qd2 a6 8.O-O-O Bd7
9.f3 b5 10.Kb1 h6 11.Bxf6 Qxf6 12.Bxb5 axb5 13.Ndxb5 Rb8 14.Nxd6+ Bxd6 15.Qxd6 Qe7
16.e5 Qxd6 17.exd6 Ne5 18.Rhe1 Nc4 19.b3 O-O 20.Kc1 Na3 21.Re5 Rfc8 22.Ra5 Rxc3
23.Rxa3 Kf8 24.Ra7 Ke8 25.Kb2 Rc6 26.a4 Rbb6 27.a5 Ra6 28.Rxa6 Rxa6 29.b4 Ba4
30.Ka3 Bxc2 31.Rc1 Bd3 32.Rc8+ Kd7 33.Rc7+ Kxd6 34.Rxf7 g6 35.Rf8 Kd5 36.Ka4 Bc2+
37.Kb5 Bd3+ 38.Ka4 Bc2+ 39.Kb5 Bd3+  1/2-1/2

[Event "Baku Cup"]
[Site "Baku"]
[Date "1995.??.??"]
[Round "?"]
[White "Shur, Mikhail"]
[Black "Mochalov, Evgeny V"]
[Result "1/2-1/2"]
[WhiteElo "2370"]
[BlackElo "2455"]

1.e4 c5 2.Nf3 Nc6 3.Nc3 e5 4.Bc4 d6 5.d3 Be7 6.h3 Nf6 7.Bg5 O-O 8.Bxf6 Bxf6
9.Qd2 Nd4 10.Nxd4 cxd4 11.Nd5 Bg5 12.Qe2 Be6 13.c3 b5 14.Bb3 a5 15.a4 bxa4
16.Bc4 Rb8 17.cxd4 Bxd5 18.Bxd5 Qb6 19.Rxa4 Qxb2 20.Qxb2 Rxb2 21.O-O Bd2
22.dxe5 dxe5 23.Rc4 Kh8 24.Bxf7 Bb4 25.Bd5 a4 26.Rc7 a3 27.Rb7 g6 28.Rc1 Rfxf2
29.Rxb4 Rxg2+ 30.Kh1 Rh2+ 31.Kg1 Rbg2+ 32.Kf1 Rf2+ 33.Kg1 Kg7 34.Ra4 a2 35.Ra1 Rfg2+
36.Kf1 Rf2+ 37.Kg1 Rfg2+ 38.Kf1 Rd2 39.Kg1 Rdg2+ 40.Kf1 Rb2 41.Kg1  1/2-1/2

[Event "Balatonbereny"]
[Site "Balatonbereny"]
[Date "1995.??.??"]
[Round "2"]
[White "Landa, Konstantin"]
[Black "Fogarasi, Tibor"]
[Result "1-0"]
[WhiteElo "2515"]
[BlackElo "2515"]

1.e4 c5 2.Nc3 Nc6 3.Nf3 e6 4.Bb5 Nd4 5.O-O a6 6.Bd3 Ne7 7.Nxd4 cxd4 8.Ne2 Nc6
9.c3 Bc5 10.Qc2 Ba7 11.b3 O-O 12.Bb2 dxc3 13.dxc3 d6 14.Qd2 b5 15.a4 bxa4
16.Rxa4 Bb7 17.Nd4 Ne5 18.Bc2 d5 19.Re1 Ng4 20.e5 f5 21.h3 Bxd4 22.Qxd4 Nh6
23.Ba3 Re8 24.Bc5 Bc6 25.Ra3 Bb5 26.Rea1 Nf7 27.Qe3 Qc7 28.f4 Rac8 29.b4 Nd8
30.Bd3 Nc6 31.Bxb5 axb5 32.Qd3 Qb7 33.Ra6 g5 34.fxg5 Nxe5 35.Qg3 Nc6 36.g6 hxg6
37.Ra7 Nxa7 38.Rxa7 Qxa7 39.Bxa7 Kf7 40.Qe5 Re7 41.Bd4 Ke8 42.Bc5  1-0

[Event "Balatonbereny op"]
[Site "Balatonbereny"]
[Date "1995.??.??"]
[Round "2"]
[White "Gal, Karoly"]
[Black "Zila, Laszlo"]
[Result "0-1"]
[WhiteElo "2215"]
[BlackElo "2215"]

1.e4 c5 2.Nc3 Nc6 3.Nf3 e6 4.d3 d5 5.exd5 exd5 6.Be2 Nf6 7.O-O Be7 8.h3 O-O
9.Nb1 h6 10.c4 d4 11.Nbd2 Bf5 12.Nb3 Bd6 13.Nh4 Bh7 14.Re1 Re8 15.Bd2 Ne5
16.Nf3 Rc8 17.Nxe5 Bxe5 18.Ba5 b6 19.Bd2 Bb8 20.Bg4 Qd6 21.g3 Rxe1+ 22.Qxe1 Re8
23.Qb1 Nxg4 24.hxg4 Qg6 25.Bf4 Bxf4 26.gxf4 Qxg4+ 27.Kh2 Qxf4+ 28.Kg2 Qg4+
29.Kh2 Re5 30.Qg1 Rh5+  0-1

[Event "Balatonbereny-B"]
[Site "Balatonbereny"]
[Date "1995.??.??"]
[Round "11"]
[White "Nagy, E."]
[Black "Horvath, Tamas"]
[Result "1-0"]
[WhiteElo "2325"]
[BlackElo "2425"]

1.e4 c5 2.Nc3 Nc6 3.Nf3 e6 4.Bb5 Nge7 5.d4 cxd4 6.Nxd4 Nxd4 7.Qxd4 a6 8.Bd3 Nc6
9.Qe3 Be7 10.O-O O-O 11.Qh3 Nb4 12.Rd1 Qc7 13.a3 Nxd3 14.Rxd3 b5 15.Qh5 g6
16.Qh6 f6 17.Bf4 d6 18.Rad1 Rd8 19.Bg3 Bb7 20.Qd2 e5 21.Nd5 Bxd5 22.Rxd5 Rac8
23.c3 Qb6 24.Rd3 Rc4 25.Re3 Qb7 26.Qd3 Rdc8 27.Re2 a5 28.f3 Kg7 29.Be1 Qd7
30.Qd5 R4c5 31.Qd3 a4 32.Bf2 Rc4 33.Qd5 R8c7 34.Bb6 Rb7 35.Ba5 Rc6 36.Red2 Rb8
37.Bb4 Rbb6 38.Qa2 Bf8 39.Rd5 Rc8 40.Qb1 Be7 41.Qd3 Rcc6 42.Kh1 Qe8 43.Rxb5 Rxc3
44.Rxb6 Rxd3 45.Rxd3 Kh6 46.h3 Qd8 47.Rc6 Qd7 48.Rdc3 f5 49.Rc7 Qe6 50.Rd3 Qa2
51.Rd1 Qb3 52.Rd2 Bg5 53.Rxd6 Qxb2 54.Rd1 Bf4 55.h4 Kh5 56.Rxh7+ Bh6 57.Bf8 Kxh4
58.Rxh6+ Kg5 59.Rh7 fxe4 60.fxe4  1-0

[Event "Catalunya-ch"]
[Site "Barcelona"]
[Date "1995.??.??"]
[Round "5"]
[White "Rahal, Michael"]
[Black "Ayas, Antonio"]
[Result "1-0"]
[WhiteElo "2330"]
[BlackElo "2315"]

1.e4 c5 2.Nf3 Nc6 3.Nc3 Nf6 4.Bb5 Nd4 5.e5 Nxb5 6.Nxb5 Nd5 7.Ng5 f5 8.exf6 Nxf6
9.O-O e6 10.d4 a6 11.Nc3 cxd4 12.Qxd4 Be7 13.Be3 O-O 14.Rad1 d6 15.Qc4 d5
16.Qd3 h6 17.Nf3 Bd7 18.Ne5 Be8 19.f4 Bh5 20.Rde1 Ng4 21.Bd4 Nxe5 22.Rxe5 Bf7
23.Re3 Bf6 24.Ne2 Re8 25.Be5 Bxe5 26.fxe5 Qg5 27.Qd4 Qe7 28.Rg3 Kh8 29.Qg4 Rg8
30.Nd4 Raf8 31.Rgf3 Be8 32.Rxf8 Rxf8 33.Rxf8+ Qxf8 34.Qxe6 Bb5 35.Qf5 Qc5
36.Qf2 Qe7 37.e6 Kg8 38.c3 Be8 39.Qf5 Bc6 40.g3  1-0

[Event "Regionalliga SO9596"]
[Site "Bayern"]
[Date "1995.??.??"]
[Round "?"]
[White "Zauner, Josef"]
[Black "Seitz, Michael"]
[Result "1/2-1/2"]
[WhiteElo "2115"]
[BlackElo "2135"]

1.e4 c5 2.Nc3 Nc6 3.Nf3 g6 4.d4 cxd4 5.Nxd4 Bg7 6.Be3 d6 7.Qd2 Nf6 8.f3 O-O
9.g4 Nxd4 10.Bxd4 Qa5 11.h4 h5 12.g5 Nd7 13.Bxg7 Kxg7 14.O-O-O Nb6 15.Kb1 Be6
16.f4 Rac8 17.Qd4+ Kh7 18.Nd5 Bxd5 19.exd5 Qc5 20.Qe4 Rc7 21.f5 Nc4 22.Bd3 Ne5
23.Rhf1 Rcc8 24.Rf4 Kg8 25.Rdf1 b5 26.c3 a5 27.Be2 Rb8 28.R1f2 Rbc8 29.Bf1 Rb8
30.Bh3 Qc4 31.Qxc4 bxc4 32.Bf1 Rfc8 33.Rd4 Rc5 34.a4 Kg7 35.Rff4 Rbc8 36.Bh3 Rb8
37.Bf1 Rbc8 38.Bh3 Rb8 39.Bf1 Rbc8 40.Kc2  1/2-1/2

[Event "Regionalliga SW9596"]
[Site "Bayern"]
[Date "1995.??.??"]
[Round "?"]
[White "Kneifel, Stefan"]
[Black "Foerch, August"]
[Result "1-0"]
[WhiteElo "1950"]
[BlackElo "1900"]

1.e4 c5 2.Nc3 Nc6 3.Bb5 e6 4.Bxc6 bxc6 5.d3 Nf6 6.e5 Nd5 7.Ne4 f5 8.exf6 Nxf6
9.Bg5 Be7 10.Bxf6 Bxf6 11.Qh5+ g6 12.Qxc5 Qe7 13.Qxe7+ Bxe7 14.Nf3 O-O 15.O-O a5
16.Rfe1 Rb8 17.b3 Ra8 18.a4 Rb8 19.Re2 Kg7 20.Rd1 Ba6 21.Ne5 Bc8 22.Nd2 Ra8
23.Ndc4 Ra6 24.Nf3 Rf5 25.Re5 Rxe5 26.Nfxe5 Bb4 27.d4 Be7 28.Rd3 d6 29.Nf3 Ra7
30.Re3 Kf7 31.Ncd2 Bd7 32.Ne4 d5 33.Nc5 Ke8 34.Nd2 Bg5 35.Re2 Bxd2 36.Rxd2 Ke7
37.Rd3 Rc7  1-0

[Event "Oberliga Bayern9596"]
[Site "Bayern"]
[Date "1995.??.??"]
[Round "?"]
[White "Olbrich, Joachim"]
[Black "Hochreiter, Josef"]
[Result "1/2-1/2"]
[WhiteElo "2390"]
[BlackElo "2255"]

1.e4 c5 2.Nc3 Nc6 3.Nge2 g6 4.d4 cxd4 5.Nxd4 Bg7 6.Be3 d6 7.Qd2 Nf6 8.f3 O-O
9.g4 Nxd4 10.Bxd4 Be6 11.O-O-O Qa5 12.Kb1 Rfc8 13.Nd5 Qxd2 14.Nxf6+ Bxf6
15.Rxd2 Bxd4 16.Rxd4 Rc5 17.h3 Rac8 18.Rh2 h5 19.Bd3 Kg7 20.Rb4 b6 21.Rg2 Rh8
22.b3 hxg4 23.hxg4 Bd7 24.Rd4 b5 25.a3 a5 26.Kb2 Rb8 27.b4 Rc7 28.Rg1 Be6
29.Be2 Rbc8 30.Rc1 axb4 31.Rxb4 Rc3 32.Rxb5 Re3 33.Bd1 Re1 34.Rb4 Rh8 35.Kc3 Re3+
36.Kb2 Rh1 37.a4 Bd7 38.Rd4 Ree1 39.a5 Bb5 40.Rd2 Kf6 41.c4 Ba6 42.Kc3 Ke5
43.Rb1 Kf4 44.Rd3 f6 45.Rb6 Rxd1 46.Rxd1 Rxd1 47.Rxa6 Rc1+ 48.Kb4 Rb1+ 49.Ka4 Kxf3
50.Ra7 Kxe4 51.Rxe7+ Kd4 52.Rc7 f5 53.gxf5 gxf5 54.a6 f4 55.Rb7 Ra1+ 56.Kb5 f3
57.Rf7 Ke3 58.Re7+ Kd4 59.Rf7 Ke3 60.a7 f2 61.Kb6 Ke2 62.Kb7 Rb1+ 63.Kc6 Ra1
64.Kb7 Rb1+ 65.Kc8 Ra1 66.Kb8  1/2-1/2

[Event "Oberliga Bayern9495"]
[Site "Bayern"]
[Date "1995.??.??"]
[Round "1"]
[White "Gdanski, Jacek"]
[Black "Kalinin, Alexander"]
[Result "1/2-1/2"]
[WhiteElo "2505"]
[BlackElo "2400"]

1.e4 c5 2.Nc3 Nc6 3.Nf3 d6 4.d4 cxd4 5.Nxd4 Nf6 6.Bc4 Qb6 7.Nde2 e6 8.O-O Be7
9.Bb3 O-O 10.Ng3 Na5 11.Kh1 Qc7 12.f4 Bd7 13.Qe2 Bc6 14.e5 dxe5 15.fxe5 Nd7
16.Bf4 Nxb3 17.axb3 Kh8 18.Rae1 Qa5 19.Qh5 Bb4 20.Re3 Bc5 21.Rd3 f5  1/2-1/2

[Event "Oberliga Bayern9495"]
[Site "Bayern"]
[Date "1995.??.??"]
[Round "1"]
[White "Ankerst, Mihael"]
[Black "Bocksberger, Stefan"]
[Result "1-0"]
[WhiteElo "2285"]
[BlackElo "2320"]

1.e4 c5 2.Nf3 Nc6 3.Nc3 g6 4.d4 cxd4 5.Nxd4 Bg7 6.Be3 Nf6 7.Bc4 O-O 8.Bb3 Qa5
9.f3 e6 10.Qd2 d5 11.exd5 Nxd5 12.Bxd5 Nxd4 13.Bxd4 Bxd4 14.Qxd4 exd5 15.O-O-O Be6
16.h4 Rfc8 17.h5 Rc4 18.Qe5 Qc7 19.Qxc7 Rxc7 20.Nxd5 Bxd5 21.Rxd5 Rac8 22.c3 Rc5
23.Rxc5 Rxc5 24.hxg6 fxg6 25.Re1 Kf7 26.Kc2 Kf6 27.b3 h5 28.c4 Rc7 29.Kc3 Kf5
30.b4 Kf4 31.c5 Kg3 32.Re2 h4 33.Kc4 a6 34.a4 Rf7 35.b5 axb5+ 36.axb5 Rc7
37.c6 bxc6 38.b6 Rf7 39.Rb2 Rf5 40.b7 Rb5 41.Rxb5 cxb5+ 42.Kd3 Kxg2 43.b8=Q h3
44.Qf4 h2 45.Qg4+ Kf2 46.Qh3  1-0

[Event "Lee Cup"]
[Site "Beijing"]
[Date "1995.??.??"]
[Round "7"]
[White "Al Modiahki, Mohamad"]
[Black "Ye Jiangchuan"]
[Result "1/2-1/2"]
[WhiteElo "2445"]
[BlackElo "2550"]

1.e4 c5 2.Nf3 Nc6 3.Nc3 d6 4.d4 cxd4 5.Nxd4 Nf6 6.g3 g6 7.Nde2 Bg4 8.Bg2 Qc8
9.h3 Bd7 10.a4 Bg7 11.Be3 O-O 12.Qd2 Nb4 13.a5 Rd8 14.Nf4 Qc4 15.b3 Qc8 16.Rc1 Nc6
17.Nb5 a6 18.Na3 Ne5 19.c4 e6  1/2-1/2

[Event "Belgrade Minex"]
[Site "Belgrade"]
[Date "1995.??.??"]
[Round "3"]
[White "Certic, Branimir"]
[Black "Sahovic, Dragutin"]
[Result "1/2-1/2"]
[WhiteElo "2435"]
[BlackElo "2450"]

1.e4 c5 2.Nc3 Nc6 3.Bb5 e6 4.Bxc6 bxc6 5.d3 d5 6.Nge2 Nf6 7.O-O Be7 8.f4 O-O
9.Ng3 Ba6 10.e5 Nd7 11.Re1 g6 12.b3 f5 13.exf6 Bxf6 14.Bd2 Bd4+ 15.Kh1 Qh4
16.Nge2 Bg7 17.Ng1 Rae8 18.Nf3 Qf6 19.Rb1 e5 20.fxe5 Nxe5 21.Nxe5 Rxe5 22.Rxe5 Qxe5
23.Qg1 Qd6 24.Na4 d4 25.Rf1 Bb5 26.Rxf8+ Bxf8 27.Nb2 Qe5 28.Qe1 Qf5 29.Nd1 Ba6
30.Qf2 Bc8 31.Qxf5 Bxf5 32.Bf4 Kf7 33.Kg1 Ke6  1/2-1/2

[Event "Belgrade Trako"]
[Site "Belgrade"]
[Date "1995.??.??"]
[Round "8"]
[White "Brenjo, Slavisa"]
[Black "Sahovic, Dragutin"]
[Result "1/2-1/2"]
[WhiteElo "2425"]
[BlackElo "2450"]

1.e4 c5 2.Nc3 Nc6 3.Nge2 d6 4.d4 cxd4 5.Nxd4 e6 6.Be2 Nf6 7.O-O Be7 8.Be3 O-O
9.f4 Bd7 10.Nb3 a6 11.a4 b6 12.Bf3 Qc7 13.Qe2 Nb4 14.g4 Bc8 15.g5 Nd7 16.Nd4 Re8
17.Qg2 Bf8 18.e5 Rb8 19.exd6 Qxd6 20.f5 Ne5 21.Ne4 Qd8 22.fxe6 Bxe6 23.Nxe6 Rxe6
24.Bh5 Ng6 25.Rae1 Qe8 26.Bd4 Qxa4 27.Nf6+ gxf6 28.Rxe6 fxe6 29.Qe4 Qe8 30.Rxf6 Bg7
31.Bxg6 hxg6 32.Rxg6 Rb7 33.Bxg7 Rxg7 34.Rxg7+ Kxg7 35.Qxb4 Qc6 36.Qd4+ Kg6
37.Qf6+ Kh5 38.g6 Qc5+ 39.Kf1 Kh6 40.Qxe6 Qxc2 41.Qxb6 Qd1+ 42.Kg2 Qd2+ 43.Kf3 Qxh2  1/2-1/2

[Event "Berliner Sommer"]
[Site "Berlin"]
[Date "1995.??.??"]
[Round "5"]
[White "Eismont, Oleg"]
[Black "Zagorskis, Darius"]
[Result "1/2-1/2"]
[WhiteElo "2450"]
[BlackElo "2520"]

1.e4 c5 2.Nc3 Nc6 3.Nf3 e5 4.Bc4 Be7 5.d3 d6 6.O-O Nf6 7.Ng5 O-O 8.f4 exf4
9.Bxf4 h6 10.Nf3 Be6 11.Qd2 Kh7 12.Rae1 d5 13.exd5 Nxd5 14.Ne5 Nxe5 15.Bxd5 Bxd5
16.Nxd5 Qxd5 17.Rxe5 Qd7 18.Kh1 Rae8 19.h3 b6 20.b3 f5 21.Rfe1 Bf6 22.R5e2 Bh4
23.g3 Bf6 24.Kh2 Kg6 25.h4 Qc6 26.a4 Kf7 27.Be5 g5 28.Bxf6 Qxf6 29.hxg5 hxg5
30.Rxe8 Rxe8 31.Rxe8 Kxe8 32.Qe2+ Kf7 33.Qh5+ Kg7 34.Qe8 Qd6 35.Kg2 a5 36.Kf2 Kf6
37.Qh8+  1/2-1/2

[Event "Biel op"]
[Site "Biel"]
[Date "1995.??.??"]
[Round "10"]
[White "Ciric, Dragoljub M"]
[Black "Kogan, Artur"]
[Result "1-0"]
[WhiteElo "2335"]
[BlackElo "2495"]

1.e4 c5 2.Nf3 Nc6 3.Nc3 e6 4.Bb5 Nge7 5.O-O a6 6.Be2 Ng6 7.d4 cxd4 8.Nxd4 Qc7
9.Nxc6 bxc6 10.f4 Bb7 11.Be3 c5 12.Qe1 Be7 13.Qg3 d5 14.exd5 exd5 15.Na4 d4
16.Bd2 Nh4 17.Rf2 Nf5 18.Qd3 g6 19.b3 O-O 20.Bf3 Bxf3 21.Rxf3 Rfe8 22.Re1 Qc6
23.Qe4 Qb5 24.Qd3 Bd6 25.Rff1 Rad8 26.Nb2 Ne3 27.Bxe3 dxe3 28.Qe2 Bc7 29.Nc4 Ba5
30.a4 Qb4 31.Rd1 Rd4 32.f5 Bc7 33.g3 Rxd1 34.Rxd1 gxf5 35.Rd7 Be5 36.Kg2 Bg7
37.Qh5 Rf8 38.Nxe3 f4 39.Nf5 Qe4+ 40.Kh3 fxg3 41.Qg5 Qe5 42.Nh6+ Kh8 43.Nxf7+ Rxf7
44.Rd8+  1-0

[Event "GER-ch"]
[Site "Binz"]
[Date "1995.??.??"]
[Round "1"]
[White "Hennings, Artur"]
[Black "Lutz, Christopher"]
[Result "0-1"]
[WhiteElo "2345"]
[BlackElo "2575"]

1.e4 c5 2.Nc3 Nc6 3.Nf3 d6 4.d4 cxd4 5.Nxd4 Nf6 6.Bc4 e6 7.Be3 Be7 8.Bb3 O-O
9.Qe2 Bd7 10.O-O-O Nxd4 11.Bxd4 Qa5 12.f3 Rfc8 13.Kb1 b5 14.e5 dxe5 15.Bxe5 Bc6
16.Rhe1 Qb6 17.Bd4 Qb7 18.Bxf6 Bxf6 19.Ne4 Bxe4 20.Qxe4 Qc7 21.f4 a5 22.c3 g6
23.a3 b4 24.cxb4 axb4 25.Rc1 Qa7 26.a4 Kg7 27.Rxc8 Rxc8 28.Ka2 h5 29.g3 Qb6
30.Re2 Rc1 31.Rc2 Rf1 32.Bc4 b3+ 33.Bxb3 Qg1 34.Bc4 Ra1+ 35.Kb3 Qb1 36.Bb5 Bxb2
37.Re2 Qa2+ 38.Kb4 Qa3+ 39.Ka5 Bf6 40.Ka6 Rd1 41.Qe3 Qf8 42.Rd2 Qa8+ 43.Kb6 Bd8+
44.Rxd8 Qxd8+ 45.Kb7 Qe7+ 46.Kb6 Qd6+ 47.Kb7 Qe7+ 48.Kb6 f6 49.Qc5 Rd6+ 50.Bc6 e5
51.fxe5 fxe5 52.a5 e4 53.a6 e3 54.a7 e2 55.Qc3+ Qf6 56.Qxf6+ Rxf6  0-1

[Event "GER-ch"]
[Site "Binz"]
[Date "1995.??.??"]
[Round "3"]
[White "Hennings, Artur"]
[Black "Reddmann, Hauke"]
[Result "0-1"]
[WhiteElo "2345"]
[BlackElo "2285"]

1.e4 c5 2.Nc3 Nc6 3.Nge2 Nf6 4.d4 cxd4 5.Nxd4 d6 6.Bc4 a6 7.Bb3 g6 8.Nxc6 bxc6
9.e5 Ng4 10.e6 f5 11.Qd4 Nf6 12.Qa4 Bb7 13.Bf4 Bg7 14.Rd1 Qc7 15.O-O Rd8
16.Bg5 O-O 17.Qh4 Bc8 18.Ne2 Rde8 19.Bh6 Bxh6 20.Qxh6 d5 21.Nf4 Ng4 22.Qg5 Rf6
23.g3 Ref8 24.Nd3 Rxe6 25.c4 Rd6 26.cxd5 cxd5 27.Rc1 Qd8 28.h3 Nf6 29.Ne5 Be6
30.Rfe1 Qb6 31.Nxg6 hxg6 32.Qxg6+ Kh8 33.Qh6+ Nh7 34.Qh4 Qd8 35.g4 fxg4 36.Bc2 Rf7
37.Bg6 Rg7 38.Rxe6 Rxe6 39.Bf5 gxh3+ 40.Kh1 d4 41.Qxh3 Rh6  0-1